6-Letter Words Without First 2 Letters II Quiz Stats

 Plays Quiz Updated Mar 11, 2018

Challenge
Share
Tweet
Embed
Score 0/42 Timer 08:00
7 Plays Today
Hint Answer % Correct
_ _ C E S TINCEST
94%
_ _ M A L EFEMALE
91%
_ _ M E D YREMEDY
81.3%
_ _ I G M ASTIGMA
80.2%
_ _ R T H YWORTHY
79.6%
_ _ I M A LANIMAL
77.1%
_ _ A L O GANALOG
77%
_ _ F A I RUNFAIR
76.4%
_ _ M E D YCOMEDY
76.2%
_ _ A G U EPLAGUE
75.4%
_ _ S U A LCASUAL
74.9%
_ _ O S E NCHOSEN
74.2%
_ _ C O M EINCOME
74.2%
_ _ D I C TADDICT
72.8%
_ _ R T A RMORTAR
70.7%
_ _ B U L ANEBULA
68.7%
_ _ C O M EBECOME
68%
_ _ I G M AENIGMA
67.8%
_ _ E B L ETREBLE
67.7%
_ _ R T A RTARTAR
63.3%
_ _ F A I RAFFAIR
63%
Hint Answer % Correct
_ _ E B L EFEEBLE
60.1%
_ _ N U R EMANURE
59.1%
_ _ V I T YLEVITY
58.3%
_ _ T I O SRATIOS
57%
_ _ V I T YCAVITY
56.6%
_ _ N U R ETENURE
56.6%
_ _ A G U ELEAGUE
55.8%
_ _ T I O SPATIOS
55%
_ _ A L O GDIALOG
54.1%
_ _ I M A LPRIMAL
53.8%
_ _ D I C TINDICT
50.2%
_ _ R T H YEARTHY
49.1%
_ _ I E N TCLIENT
47.6%
_ _ B U L AFIBULA
47.3%
_ _ S U A LVISUAL
44.1%
_ _ M A L ETAMALE
43.2%
_ _ O S E NLOOSEN
40.5%
_ _ C E S TNICEST
34.1%
_ _ I E N TORIENT
30.6%
_ _ A G U EBLAGUE
9.3%
_ _ N U R ECONURE
5.7%

You're not logged in!

Compare scores with friends on all Sporcle quizzes.
OR
Log In

You Might Also Like...

Show Comments

Extras

Top Quizzes Today


Score Distribution

Your Account Isn't Verified!

In order to create a playlist on Sporcle, you need to verify the email address you used during registration. Go to your Sporcle Settings to finish the process.

Report this User

Report this user for behavior that violates our Community Guidelines.

Details: